[Event "Bhopal GM Open 2019"]
[Site "Bhopal"]
[Date "2019.12.28"]
[Round "10.8"]
[White "Nigmatov, Ortik"]
[Black "Mahindrakar Indrajeet"]
[Result "1/2-1/2"]
[WhiteElo "2474"]
[BlackElo "2042"]
[Annotator "TA"]
[PlyCount "102"]
[EventDate "2019.12.21"]
[EventType "swiss"]
[EventCountry "IND"]
[SourceTitle "playchess.com"]
[Source "ChessBase"]
[SourceQuality "1"]

{[%evp 12,102,22,0,0,0,12,4,3,-8,0,-26,-20,-13,-31,-25,-1,-6,0,-18,0,-45,19,-28,55,0,0,-19,29,-29,-17,-72,-70,-70,-71,-69,-63,-67,-52,-61,-49,-95,-16,-99,-25,-15,-18,-24,-22,-14,0,0,0,0,0,0,37,23,59,79,184,38,54,53,54,48,47,37,70,31,44,0,0,0,0,0,0,0,14,8,19,22,95,98,111,60,81,79,70,0,2,0,0]} 1. Nf3 Nf6 2. e3 g6 3. b3 Bg7 4. Bb2 O-O 5. Be2 d6 6. d4 Nbd7 7. O-O b6 $146 {A48: 1 d4 Nf6 2 Nf3 g6: Torre, London and Colle Systems} (7... Re8 8. a4 a5 9. Re1 c6 10. Bf1 e5 11. dxe5 dxe5 12. Na3 e4 13. Nd2 Nd5 14. Bxg7 Kxg7 15. Ndc4 {0-1 (47) Nakamura,H (2761)-Amin,B (2704) Abidjan 2019}) 8. a4 a5 9. Nbd2 Bb7 10. h3 e6 11. Bd3 Qe7 12. e4 Nh5 13. Re1 e5 14. Bf1 exd4 15. Bxd4 Ne5 16. g3 c5 ({Black should play} 16... f5 $15 17. Nxe5 Bxe5 18. Bxe5 dxe5) 17. Nxe5 dxe5 (17... cxd4 $11 18. Nd3 Qc7) 18. Be3 (18. Bc3 $14) 18... Rad8 $11 19. Qe2 Bc6 20. Bg2 {[#]} (20. Rad1 $142) 20... Nf4 $1 {[%cal Rf4e2][%mdl 512]} 21. gxf4 (21. Qc4 $11) (21. Bxf4 exf4) 21... exf4 $17 22. Rad1 (22. Bxf4 $2 Bxa1 23. Qe3 (23. Rxa1 $2 Qf6 $19 {[%mdl 64] Double Attack}) 23... Be5 $17) 22... fxe3 23. Qxe3 Bd4 24. Qg3 Be5 25. f4 Bf6 $1 {White must now prevent ...Bh4.} 26. Rf1 Bg7 ({Black should try} 26... Rd7 $17 27. Nc4 Bxe4 28. Rxd7 Qxd7 29. Bxe4 Qd4+ {[%mdl 64] Double Attack} 30. Kh1 (30. Qe3 Re8 $15) 30... Qxe4+ {[%mdl 64] Double Attack} 31. Qg2 Qxg2+ 32. Kxg2 Rb8) 27. Bf3 (27. e5 $11 Bxg2 28. Kxg2) 27... Rd4 (27... Bc3 $17 28. Nc4 Rxd1 29. Rxd1 Bd4+ 30. Kh2 Bxe4) 28. e5 $11 Bxf3 29. Nxf3 Rxd1 30. Rxd1 Rd8 31. Qe1 Bh6 32. Rxd8+ Qxd8 33. Qe4 Qd1+ 34. Kg2 Qc1 35. Kg3 Qd1 (35... Kf8 $16) 36. Qd3 ({Only move:} 36. e6 $18 {aiming for e7.} fxe6 37. Qxe6+ {[%mdl 64] Double Attack} Kf8 38. Qxb6) 36... Qc1 37. Qd2 Qb1 38. Qd8+ Bf8 39. Qd3 Qc1 40. Qd2 Qb1 41. h4 c4 $1 42. bxc4 Qa2 43. Qd5 Qxc2 44. e6 fxe6 45. Qxe6+ {[%mdl 64] [#] Double Attack} Kg7 46. Qxb6 Bb4 (46... Qxa4 $11 {keeps the balance.} 47. Qd4+ Kg8) 47. Qd4+ Kg8 48. Qd5+ (48. Ng5 $16 {Threatening mate with Qd5+.} Qb3+ 49. Nf3) 48... Kg7 $14 49. Qe5+ Kg8 50. Ng5 (50. Qe6+ $14 Kg7 51. Qd7+ Kg8 52. Qe8+ Kg7 53. Qe5+ Kg8 54. Qb8+ Kg7 55. Qe5+) 50... Qxc4 51. Ne6 {[%csl Ge6][%cal Re5g7]} Qc3+ {Accuracy: White = 27%, Black = 42%.} 1/2-1/2

[Event "Bhopal GM Open 2019"]
[Site "Bhopal"]
[Date "2019.12.28"]
[Round "10.9"]
[White "Lugovskoy, Maxim"]
[Black "Jain Kashish Manoj"]
[Result "0-1"]
[WhiteElo "2466"]
[BlackElo "1934"]
[Annotator "TA"]
[PlyCount "88"]
[EventDate "2019.12.21"]
[EventType "swiss"]
[EventCountry "IND"]
[SourceTitle "playchess.com"]
[Source "ChessBase"]
[SourceQuality "1"]

{[%evp 9,88,16,27,16,47,50,67,66,62,47,52,45,93,92,127,103,136,138,137,101,119,87,69,47,61,58,59,0,7,0,8,0,0,0,9,0,0,0,73,69,75,60,98,92,110,107,104,105,192,192,208,210,218,215,151,0,0,0,0,0,0,0,0,0,0,0,0,-77,-6,-8,0,-29980,-29981,-29977,-29978,-29978,-29980,-29980,-29981,-29974,0]} 1. e4 e6 2. d4 d5 3. Nc3 Bb4 4. a3 Bxc3+ 5. bxc3 c5 6. exd5 {C15: French: 3 Nc3 Bb4: Unusual White 4th moves} (6. dxc5 dxe4 7. Qxd8+ Kxd8 8. Bf4 Bd7 9. O-O-O Ne7 10. Bd6 Nbc6 11. Ne2 Nf5 12. Ng3 Nxd6 13. Rxd6 f5 {0-1 (43) Iljiushenok,I (2489)-Onischuk,V (2608) Minsk 2017}) 6... Qxd5 7. Qg4 Ne7 8. Qxg7 {White is slightly better.} Qe4+ $146 ({Predecessor:} 8... Rg8 9. Qe5 cxd4 10. Qxd5 Nxd5 11. cxd4 Nc6 12. Nf3 Bd7 13. Bd2 {0-1 (42) Novak,V (2077)-Masek,M (2161) Prague 2006}) 9. Ne2 Rg8 10. Qe5 Qxc2 11. Qxc5 Bd7 12. Qb4 Bc6 13. Qb1 Qa4 14. Nf4 e5 15. dxe5 Qa5 16. Qb4 Qxe5+ 17. Be3 Nf5 18. Qc5 (18. O-O-O $14) 18... Nd7 $11 19. Qxe5+ Nxe5 20. Rd1 Nxe3 21. fxe3 Ke7 22. h3 Rac8 23. Kf2 Be4 (23... Rg5 $11 {keeps the balance.}) 24. Rd4 $16 f5 25. Be2 $1 Ng6 {[#] Hoping for ...Nxf4.} 26. Nd5+ $1 Bxd5 27. Rxd5 Rxc3 28. Rhd1 ({But not} 28. Rxf5 $2 Nh4 $19) 28... f4 (28... Rg7 $16) 29. Rd7+ $18 {[%mdl 64] Double Attack} Kf6 30. R1d6+ ({And not} 30. Rxb7 fxe3+ 31. Kg3 Rxa3 $11) 30... Ke5 31. Rd5+ Kf6 32. Bd3 $2 ({Not} 32. Rxb7 fxe3+ 33. Kf3 Nh4+ 34. Ke4 Re8+ 35. Kd4 Rc2 $11) (32. e4 $16) 32... fxe3+ $11 33. Kxe3 Ne5 34. R5d6+ Kg5 35. Kd2 Rxa3 36. h4+ {[%mdl 64] Decoy} Kxh4 37. Rxh7+ Kg3 38. Bb5 (38. Rxb7 $11 Kh2 39. Rh6+ Kxg2 40. Be4+ Kg3 41. Kc2) 38... Kxg2 (38... Ra5 $17 39. Rd5 Rg5) 39. Rxb7 Rc8 {aiming for ...Nf3+.} 40. Re6 $2 {[%mdl 8192]} (40. Ra6 $11 Nf3+ 41. Kd1) 40... Nf3+ {Black mates.} 41. Kd1 Ra1+ 42. Ke2 Re1+ 43. Kd3 Rxe6 44. Rxa7 Re4 $2 {[%mdl 32768] Accuracy: White = 42%, Black = 52%. . Loss on time!?} (44... Rc5 {mates} 45. Ra6 Re7 46. Bc6 {[#]} Rxc6 $1 {[%mdl 576] Decoy} 47. Rxc6 Ne5+ {[%mdl 64] Double Attack} 48. Kd4 Nxc6+ 49. Kd5 Nb4+ 50. Kd4 Kf3 51. Kc4 Ke3 52. Kxb4 Kd4 53. Kb5 Re6 54. Kb4 Rb6+ 55. Ka5 Kc5 56. Ka4 Kc4 57. Ka3 Rb5 58. Ka4 Rh5 59. Ka3 Rh2 60. Ka4 Ra2#) 0-1

[Event "Bhopal GM Open 2019"]
[Site "Bhopal"]
[Date "2019.12.28"]
[Round "10.10"]
[White "Sri Sai Baswanth P"]
[Black "Khusenkhojaev, Muhammad"]
[Result "0-1"]
[WhiteElo "2027"]
[BlackElo "2427"]
[Annotator "TA"]
[PlyCount "102"]
[EventDate "2019.12.21"]
[EventType "swiss"]
[EventCountry "IND"]
[SourceTitle "playchess.com"]
[Source "ChessBase"]
[SourceQuality "1"]

{[%evp 9,102,48,61,50,39,18,83,62,65,58,54,50,61,31,43,4,40,4,6,2,9,-15,-12,-53,0,0,0,-18,-18,-18,-22,-19,-18,-27,-16,-19,-25,-28,-31,-28,-12,-35,-11,-28,-31,-33,0,-13,0,0,868,-11,877,-35,-29,-37,-24,-24,943,919,935,-31,905,-98,-20,-35,271,-1034,771,-16,772,-997,1481,-213,840,0,0,-75,-72,-75,-75,-79,-79,-79,-79,-168,-154,-353,-316,-425,-424,-540,-520,-625,-449]} 1. c4 Nf6 2. g3 d5 3. cxd5 Qxd5 4. Nf3 c5 (4... Nc6 5. Nc3 Qh5 6. d4 Bg4 7. Bg2 e6 8. Qa4 Qa5 9. Qxa5 Nxa5 10. Ne5 Bh5 11. Nb5 Bb4+ {½-½ (38) Khalifman,A (2617)-Shkapenko,P (2425) Tallinn 2016}) 5. Nc3 Qd7 6. Bg2 $146 {A15: English Opening: 1...Nf6} ({Predecessor:} 6. Ne5 Qd6 7. Qa4+ Nfd7 8. Nc4 Qc6 9. Qxc6 Nxc6 10. Nb5 Kd8 11. Bg2 Nb6 12. Bxc6 bxc6 {½-½ (70) Zygouris,H (2245)-Kofidis,A (2383) Piraeus 1999}) 6... Nc6 7. O-O g6 (7... e6 $11 {remains equal.}) 8. e3 {White is better.} Bg7 9. d4 cxd4 10. exd4 O-O 11. Ne5 Qe8 12. Qa4 Nxe5 (12... Bd7 {is more complex.} 13. Nxd7 Nxd7 14. d5 Nd4 15. Qd1 Nb6) 13. Qxe8 (13. dxe5 {looks sharper.} Qxa4 14. Nxa4 Ng4 15. f4 f6 16. h3) 13... Nxe8 14. dxe5 Bxe5 15. Nd5 Bd6 16. Bf4 Be6 (16... Bxf4 $1 $15 17. gxf4 e6) 17. Bxd6 $11 exd6 18. Rac1 Rd8 19. Rfe1 Bxd5 20. Bxd5 Rd7 21. Bb3 Nc7 22. Rc2 Rb8 23. Rec1 Ne6 24. Bd5 Kg7 25. b4 Re8 26. Kg2 h6 27. a4 a6 28. a5 Kf6 29. Rd1 Rc8 $2 {[%mdl 8192]} (29... Ng7 $11) 30. Rb2 $2 (30. Rxc8 $18 Nd8 31. Bb3) 30... Rc4 $2 {[%mdl 8192]} (30... Rc3 $11) 31. Bf3 $2 ({Only move:} 31. Bxc4 $18 Rc7 32. Be2) 31... Ke7 32. h4 h5 33. Bd5 Nd8 $2 {[%mdl 8192]} (33... Rcc7 $11) 34. Re2+ Kf6 35. Rb2 $2 (35. Bxc4 $18 Nc6 36. Rb2) 35... Nc6 $2 {[%mdl 8192]} (35... Rcc7 $15) 36. Bf3 $2 (36. Bxc4 $18 Kg7 37. b5 Nxa5 38. bxa6 bxa6 39. Bxa6) 36... Ne5 (36... Nxb4 $17 {next ...Nc6 is good for Black.} 37. Rdb1 Nc6 38. Rxb7 Rxb7 39. Rxb7 Nxa5) 37. Bd5 Ke7 $2 {[%mdl 8192]} (37... Rc3 $15) 38. Rd4 $4 {[%mdl 8192]} ({Don't do} 38. Bxc4 $6 Nxc4 39. Re2+ Kf6 $16) (38. f4 $18) 38... Kd8 $4 {[%mdl 8192]} (38... Rxd4 $19 39. Bf3 Nd3) 39. Rbd2 $2 (39. Bxc4 $18 Nxc4 40. Rxc4) 39... Kc7 $2 {[%mdl 8192]} (39... Rxd4 $11 40. Rxd4 Ng4) 40. Rb2 $4 {[%mdl 8192]} (40. Bxc4 $18 Nxc4 41. Rxc4+ Kd8 42. Kf3) 40... Nc6 $4 {[%mdl 8192]} (40... Rxd4 $19 41. Bf3 Nd3 42. Rc2+ Kb8) 41. Rd1 $4 {[%mdl 8192]} (41. Rxc4 $18 {is the narrow road to win.} Re7 42. Rbc2) 41... Re7 $4 {[%mdl 8192]} (41... Rxb4 $19 42. Rxb4 Nxb4 43. Bxb7 Kxb7) 42. b5 $2 (42. Bxc4 $18 Na7 43. Rc2) 42... axb5 {Strongly threatening ...Rc5.} 43. Rxb5 (43. Bxc4 $11 {keeps the balance.} bxc4 44. Rd5) 43... Rc5 $17 44. Rdb1 Rxb5 ({Much worse is} 44... Nxa5 45. Rxa5 Rxa5 46. Rxb7+ Kd8 47. Rb8+ Kd7 48. Rb7+ Ke8 49. Rb8+ Kd7 50. Rb7+ Kd8 51. Rb8+ Kd7 $11) 45. Rxb5 {[%mdl 4096] Endgame KRB-KRN} Re5 46. f4 Rf5 47. Kf2 {[#]} (47. Bc4 $17) 47... Nxa5 $1 $19 {[%mdl 576] Deflection} 48. Rxa5 $2 (48. Ke3 $17) 48... Kb6 49. Bxf7 {Threatens to win with Rxf5.} Rxa5 {Black is clearly winning.} 50. Bxg6 Kc7 51. g4 hxg4 {Accuracy: White = 18%, Black = 35%.} 0-1

[Event "Bhopal GM Open 2019"]
[Site "Bhopal"]
[Date "2019.12.28"]
[Round "10.11"]
[White "Trivedi Karan R"]
[Black "Eraschenkov, Denis"]
[Result "0-1"]
[WhiteElo "1949"]
[BlackElo "2386"]
[Annotator "TA"]
[PlyCount "77"]
[EventDate "2019.12.21"]
[EventType "swiss"]
[EventCountry "IND"]
[SourceTitle "playchess.com"]
[Source "ChessBase"]
[SourceQuality "1"]

{[%evp 11,77,38,34,18,50,13,47,25,33,18,56,58,75,-14,0,0,19,0,98,-11,3,-8,0,-10,-6,-35,-1,-3,8,0,13,21,43,52,57,30,64,52,63,66,62,56,397,339,501,289,489,466,488,-37,-28,-36,-30,-21,0,-8,0,0,-8,-13,-8,-13,-12,-11,0,-239,-243,-4802]} 1. d4 g6 2. e4 Bg7 3. Nf3 d6 4. Nc3 Nf6 5. Be3 c6 6. Qd2 O-O 7. O-O-O {B08: Pirc Defence: Classical System} (7. Bh6 b5 8. Bd3 Bg4 9. h4 Nbd7 10. h5 Bxh5 11. O-O-O b4 12. Ne2 e5 13. Ng3 Bxh6 14. Qxh6 Ng4 15. Qd2 Ndf6 16. Rh4 exd4 17. Nxh5 gxh5 18. e5 dxe5 19. Nxe5 Nxe5 20. Qg5+ Ng6 21. f4 Nd5 22. Qxh5 Qxh4 {0-1 (22) Giri,A (2782)-Mamedyarov,S (2801) chess.com INT 2018}) 7... Bg4 8. Bh6 b5 9. Bxg7 {White is slightly better.} (9. h3 $5 {[%cal Rh3g4]} Bxf3 10. gxf3 $11) 9... Kxg7 10. Qf4 {Black must now prevent e5.} Bxf3 11. Qxf3 $146 ({Predecessor:} 11. gxf3 Qc7 12. e5 Nh5 13. Qe3 dxe5 14. dxe5 Nd7 15. f4 Nb6 16. Rg1 b4 {0-1 (45) Marturano,M (1963)-Mastronardi,D ICCF email 2011}) 11... b4 12. Ne2 (12. e5 $16 bxc3 13. exf6+ exf6 14. Qxc3) 12... Qa5 $11 13. Kb1 Nbd7 14. g4 d5 (14... h5 $11 {keeps the balance.}) 15. Ng3 ({White should try} 15. e5 $1 $16 {[%cal Re5f6]} Ne4 16. Qe3) 15... Nxe4 16. Nxe4 dxe4 17. Qxe4 Nf6 18. Qf3 Qg5 19. Be2 Qd5 20. Qe3 Qd6 21. Bf3 Nd5 22. Bxd5 cxd5 23. h4 Rac8 24. h5 Rc6 25. f4 Qe6 26. Qh3 Qe4 $2 {[%mdl 8192]} ({Black should play} 26... gxh5 $1 $14 27. Qxh5 (27. f5 Qe2 $14) 27... Qe4) 27. hxg6 $1 $18 {White wants to mate with Qh6+.} Qxc2+ 28. Ka1 {White threatens Qh6+ and mate.} Qxg6 $2 (28... h5 {was necessary.} 29. gxh5 Rfc8) 29. f5 Qh6 {[#]} 30. Qd3 $2 (30. f6+ $1 $18 {[%mdl 512]} Rxf6 {[#]} 31. g5 $1 {[%mdl 576] Double Attack} Qxh3 32. gxf6+ Kxf6 33. Rxh3) 30... Rfc8 $15 {aiming for ...Rc1+.} 31. Kb1 $1 Qf4 32. f6+ exf6 {...h6 is the strong threat.} 33. Qxh7+ Kf8 34. Rde1 {[%cal Rh7h8]} Qg5 35. Qh8+ Qg8 36. Qxg8+ Kxg8 37. Rh5 Rd6 38. Re7 $2 (38. Reh1 $11 {and White is okay.} Kg7 39. Rh7+ Kg6 40. R1h5) 38... Re6 $19 39. Rh6 $2 {Accuracy: White = 40%, Black = 36%.} (39. Rxe6 fxe6 40. g5) 0-1

[Event "Bhopal GM Open 2019"]
[Site "Bhopal"]
[Date "2019.12.28"]
[Round "10.12"]
[White "Rathneesh R"]
[Black "Varun, V."]
[Result "1/2-1/2"]
[WhiteElo "2006"]
[BlackElo "2250"]
[Annotator "ChessBase"]
[PlyCount "46"]
[EventDate "2019.12.21"]
[EventType "swiss"]
[EventCountry "IND"]
[SourceTitle "playchess.com"]
[Source "ChessBase"]
[SourceQuality "1"]
[TimeControl "5400+30"]

1. c4 {[%emt 0:00:00]} Nf6 {[%emt 0:00:56]} 2. g3 {[%emt 0:00:19]} g6 {[%emt 0:00:06]} 3. Bg2 {[%emt 0:00:18]} Bg7 {[%emt 0:00:07]} 4. Nc3 {[%emt 0:00:36]} O-O {[%emt 0:00:08]} 5. d3 {[%emt 0:00:22]} c5 {[%emt 0:01:11]} 6. Rb1 {[%emt 0:03:34]} Nc6 {[%emt 0:01:23]} 7. a3 {[%emt 0:01:53]} a5 {[%emt 0:00:06]} 8. Bd2 {[%emt 0:02:19]} Rb8 {[%emt 0:01:20]} 9. Nf3 {[%emt 0:02:43]} d5 {[%emt 0:01:05]} 10. cxd5 {[%emt 0:03:22]} Nxd5 {[%emt 0:00:03]} 11. O-O {[%emt 0:03:03]} Nc7 {[%emt 0:00:26]} 12. Ne4 {[%emt 0:11:51]} b6 {[%emt 0:00:38]} 13. Qc1 {[%emt 0:11:13]} f5 {[%emt 0:13:35]} 14. Nc3 {[%emt 0:06:49]} e5 {[%emt 0:00:39]} 15. Bh6 {[%emt 0:03:36]} Qf6 {[%emt 0:05:19]} 16. Bg5 {[%emt 0:06:04]} Qd6 {[%emt 0:00:41]} 17. Nd2 {[%emt 0:02:35]} b5 {[%emt 0:05:22]} 18. Nce4 {[%emt 0:19:13]} fxe4 {[%emt 0:01:06]} 19. Nxe4 {[%emt 0:01:13]} Qd7 {[%emt 0:00:01]} 20. Nxc5 {[%emt 0:00:53]} Qd6 {[%emt 0:08:33]} 21. Ne4 {[%emt 0:00:54]} Qd7 {[%emt 0:00:15]} 22. Nc5 {[%emt 0:00:03]} Qd6 {[%emt 0:00:06]} 23. Ne4 {[%emt 0:00:04]} Qd7 {[%emt 0:01:47]} 1/2-1/2

[Event "Bhopal GM Open 2019"]
[Site "Bhopal"]
[Date "2019.12.28"]
[Round "10.13"]
[White "Ziatdinov, Raset"]
[Black "Anadkat Kartavya"]
[Result "1/2-1/2"]
[WhiteElo "2204"]
[BlackElo "2023"]
[Annotator "TA"]
[PlyCount "77"]
[EventDate "2019.12.21"]
[EventType "swiss"]
[EventCountry "IND"]
[SourceTitle "playchess.com"]
[Source "ChessBase"]
[SourceQuality "1"]

{[%evp 15,77,36,33,21,18,0,8,-20,-25,-50,-54,-54,-54,-55,-50,-41,-46,-41,-41,-54,-47,-56,-38,-45,-10,-35,-20,-27,0,-60,-64,-50,-58,-53,-55,-184,-197,-169,-191,-272,-256,-259,-260,-252,-252,-255,-261,-317,-182,-193,-193,-188,-188,-220,-172,-191,-181,-212,-66,-95,0,0,0,0]} 1. e4 e5 2. Nf3 Nc6 3. Bc4 Nf6 4. d3 Bc5 5. c3 O-O 6. O-O d5 7. exd5 Nxd5 8. Re1 Bg4 9. Nbd2 {[%cal Bb1d2,Bd2f1,Bf1g3][%mdl 32] C54: Giuoco Piano: 4 c3 Nf6, main lines with 5 d4 and 5 d3} Nb6 10. Bb5 (10. h3 Bh5 11. Bb3 Qxd3 12. Nxe5 Qf5 13. Nef3 Rad8 14. Qe2 Nd5 15. Ne4 Bxf3 16. Qxf3 Qxf3 17. gxf3 {½-½ (31) Vachier Lagrave,M (2774)-Aronian,L (2758) Khanty-Mansiysk 2019}) 10... Bd6 11. Nf1 Qf6 $146 ({Predecessor:} 11... f5 12. h3 Bh5 13. Bxc6 bxc6 14. Nxe5 Bxd1 15. Nxc6 Qd7 16. Rxd1 Qxc6 {0-1 (27) Fecker,J-Lo Presti,M (1648) Mureck 2014}) 12. Ng3 Bxf3 13. Qxf3 Qxf3 14. gxf3 Ne7 {[%cal Bc6e7,Be7g6,Bg6h4][%mdl 32]} 15. Ne4 Ng6 16. Nxd6 cxd6 17. Kf1 Nh4 18. Ke2 Nd5 19. Bc4 Ne7 20. Be3 Rfe8 21. Rg1 Neg6 22. Bd5 (22. Rg4 $11) 22... Nf4+ $15 23. Bxf4 $1 exf4+ 24. Kd2 Re5 $1 {[%cal Re5d5]} 25. c4 {[#]} (25. Rg4 $1 $15) 25... Rxd5 $1 $19 {[%mdl 576] Remove Defender} 26. cxd5 Nxf3+ {[%mdl 4160] Endgame Double Attack. KRR-KRN} 27. Kc3 (27. Ke2 $142 Nxg1+ 28. Rxg1) 27... Rc8+ ({Weaker is} 27... Nxg1 28. Rxg1 Rc8+ 29. Kd2 $17) 28. Kb3 Nxg1 29. Rxg1 {KR-KR} Rc5 30. Rg5 g6 31. d4 Rb5+ (31... Rc1 $142 {aiming for ...Rf1.} 32. Rg4 Rh1) 32. Kc3 f6 33. Rg4 g5 34. b4 Rxd5 35. Rg1 Kf7 36. Kd3 Ke6 (36... Rb5 $19 37. Kc4 Rf5) 37. a4 $15 h5 (37... Rf5 $17 {...f3 is the strong threat.} 38. Re1+ Kd5) 38. Re1+ $1 $11 Kd7 39. Ke4 $1 {Accuracy: White = 44%, Black = 70%.} 1/2-1/2

[Event "Bhopal GM Open 2019"]
[Site "Bhopal"]
[Date "2019.12.28"]
[Round "10.14"]
[White "Abdisalimov, Abdimalik"]
[Black "Lakshmi Sandeep, Naidu V"]
[Result "1-0"]
[WhiteElo "2394"]
[BlackElo "1937"]
[Annotator "TA"]
[PlyCount "85"]
[EventDate "2019.12.21"]
[EventType "swiss"]
[EventCountry "IND"]
[SourceTitle "playchess.com"]
[Source "ChessBase"]
[SourceQuality "1"]

{[%evp 14,85,41,41,39,37,53,39,102,89,245,235,229,242,279,284,305,299,293,277,369,301,468,456,631,610,702,666,757,472,1063,1065,1046,1056,971,426,397,414,431,419,415,422,403,388,395,384,366,361,344,347,426,318,591,527,576,585,607,609,579,499,610,508,596,593,756,637,608,602,1124,1076,1301,1042,1009,986]} 1. e4 d6 2. d4 Nf6 3. f3 c6 4. c4 Nbd7 5. Be3 e5 6. d5 Be7 7. Nc3 O-O 8. Qd2 a5 {A53: Old Indian Defence without Nf3} (8... cxd5 9. cxd5 a6 10. Nh3 b5 11. Nf2 Bb7 12. Be2 Rc8 13. O-O Ne8 14. Nd3 f5 15. a4 fxe4 16. fxe4 Rxf1+ 17. Bxf1 {1-0 (45) Riazantsev,A (2646)-Bortnyk,M (2416) Minsk 2015}) 9. Rd1 $146 ({Predecessor:} 9. Nh3 Nc5 10. Nf2 Nfd7 11. Be2 a4 12. O-O Qa5 13. Rad1 Nb6 14. f4 exf4 15. Bxf4 {½-½ (39) Begri,F (1984)-Haag,M (2229) Kiel 2018}) 9... Nh5 10. Nge2 f5 (10... a4 $14) 11. exf5 $16 Rxf5 $2 (11... Nb6 $16) 12. Ng3 $1 $18 {[%cal Rg3f5]} Bh4 13. Bf2 Nxg3 14. hxg3 Bg5 15. Qc2 e4 16. Nxe4 Qe7 17. dxc6 Ne5 (17... Nc5 $142 18. Bxc5 Rxc5) 18. Be2 Bh6 19. g4 Rf8 20. g5 Bxg5 21. Nxg5 Qxg5 (21... Bf5 $142 22. Qd2 bxc6) 22. Qxh7+ Kf7 23. cxb7 Bxb7 24. Qh5+ (24. Rh5 $142 Qe7 {[#]} 25. c5 $1 {[%mdl 512]} dxc5 26. Rxe5 $1 {[%mdl 576] Remove Defender, Deflection} Qxe5 27. Rd7+ {[%mdl 64] Double Attack} Ke6 28. Rxg7 Qxg7 29. Qxg7) 24... Qxh5 25. Rxh5 Ke6 26. Rg5 g6 27. c5 d5 28. Bd4 Rf5 29. Rxf5 gxf5 30. Kf2 Nc6 31. Bc3 Rc8 32. Bb5 Na7 $2 (32... d4 {might work better.} 33. Bc4+ Kf6) 33. Re1+ {White is clearly winning.} Kf7 34. Bd3 Nc6 35. Bxf5 Rd8 36. Bd3 d4 37. Bd2 Kf6 38. g4 Rd5 39. Rc1 Rd8 40. Be4 a4 41. Rh1 Ba8 42. Bxc6 Bxc6 43. Rh6+ {Accuracy: White = 80%, Black = 25%.} 1-0

[Event "Bhopal GM Open 2019"]
[Site "Bhopal"]
[Date "2019.12.28"]
[Round "10.15"]
[White "Pranav, V."]
[Black "Pawar, Harshit"]
[Result "1-0"]
[WhiteElo "2264"]
[BlackElo "1823"]
[Annotator "TA"]
[PlyCount "43"]
[EventDate "2019.12.21"]
[EventType "swiss"]
[EventCountry "IND"]
[SourceTitle "playchess.com"]
[Source "ChessBase"]
[SourceQuality "1"]

{[%evp 12,43,60,56,57,61,40,47,58,64,56,54,87,84,89,73,95,76,83,49,114,107,132,136,139,122,126,120,176,175,167,179,236,227]} 1. e4 d5 2. exd5 Nf6 3. d4 Bg4 4. f3 Bf5 5. Bb5+ Nbd7 {[%cal Bb8d7,Bd7b6,Bb6d5][%mdl 32]} 6. Nc3 a6 7. Ba4 b5 {B01: Scandinavian Defence} 8. Bb3 Nb6 {[%cal Rb6d5]} 9. Nge2 Nfxd5 {White is slightly better.} 10. Nxd5 Nxd5 11. O-O (11. Ng3 Bc8 12. Ne4 e6 13. Bg5 Be7 14. Bxe7 Qxe7 15. Nc5 {1-0 (59) Petrosian,T (2616)-Laylo,D (2496) Chicago 2008}) 11... g6 12. Ng3 Bc8 13. Re1 Bg7 14. c3 O-O 15. Ne4 $146 ({Predecessor:} 15. Bg5) 15... e6 (15... a5 $14) 16. Bg5 $16 f6 17. Bh4 c6 18. Nc5 Re8 19. a4 Rb8 (19... Bf8 $16) 20. axb5 {White is clearly better.} axb5 21. Ra7 Re7 (21... Bf8 $142 22. Ne4 g5) 22. Qa1 {Accuracy: White = 62%, Black = 41%.} 1-0

[Event "Bhopal GM Open 2019"]
[Site "Bhopal"]
[Date "2019.12.28"]
[Round "10.16"]
[White "Sapaev, Maksad"]
[Black "Shaik Sumer Arsh"]
[Result "1-0"]
[WhiteElo "2250"]
[BlackElo "1826"]
[Annotator "TA"]
[PlyCount "37"]
[EventDate "2019.12.21"]
[EventType "swiss"]
[EventCountry "IND"]
[SourceTitle "playchess.com"]
[Source "ChessBase"]
[SourceQuality "1"]

{[%evp 14,37,22,0,8,8,15,14,12,-57,-45,-31,-45,-36,-41,-78,-26,-27,-27,-106,-90,-87,22,13,31,16]} 1. e4 c5 2. Nf3 d6 3. d4 cxd4 4. Nxd4 Nf6 5. Nc3 Nc6 6. Bc4 e6 7. Bb3 a6 8. f4 Na5 {B88: Sicilian: Sozin Attack} 9. O-O Qc7 (9... Nxb3 10. axb3 Be7 11. Kh1 O-O 12. e5 Ne8 13. Be3 f6 14. exf6 Nxf6 15. Qe2 Re8 16. Rad1 Bf8 17. Nf3 Bd7 18. Bd4 Rc8 19. Ng5 Qe7 20. Bxf6 gxf6 {1-0 (58) Alonso,S (2488)-Lenderman,A (2636) Montevideo 2015}) 10. Kh1 b5 {The position is equal.} 11. f5 (11. Qe2 $11) 11... Nxb3 $15 12. cxb3 b4 13. Na4 $1 e5 ({Not} 13... Nxe4 14. fxe6 fxe6 15. Be3 $16) 14. Nc2 Bb7 $146 ({Much worse is} 14... Nxe4 $6 15. Nxb4 Qb7 16. Nd5 $11) (14... Rb8 $17 15. Ne3 Rb5) ({Predecessor:} 14... a5 15. Ne3 Nxe4 16. Nd5 Qc6 17. Be3 {1-0 (29) Hacker,J (2329)-Goossens,H (2168) Hofheim 2015}) 15. Nxb4 $11 Bxe4 {White must now prevent ...Qb7.} 16. Bg5 {[#]} (16. Nc3 $11 Bb7 17. Bg5) 16... Qb7 $1 $17 17. Qd2 Ng4 (17... a5 $17 18. Nd3 Be7) 18. Rae1 $11 {Nc3 is the strong threat.} f6 19. Nc3 {[%mdl 32768] Accuracy: White = 65%, Black = 42%. . Loss on time!?} 1-0